000 00748cam a2200241 4500
008 011012n2002 000 0 eng u
020 _a0198662831
035 _a(Sirsi) u115094
041 _aeng.
050 _a001.552
100 _aSeeley, J.
245 _aWriting reports
260 _aOxford
_bOxford University Press
_c2002
300 _a120p.
_c22cm.
350 _a6.99
490 _aOne step ahead
520 _aOffers guidance on how to carry out preparatory research, plan the structure of your report, and choose the most effective presentation.
650 _aREPORT WRITING
650 _aCOMMUNICATION SKILLS
650 _aWRITING SKILLS
690 _aMANAGEMENT-BUSINESS MANAGEMENT-INFORMATION MANAGEMENT
942 _n0
999 _c101699
_d101699